书目信息 |
| 题名: |
科学史和新人文主义
|
|
| 作者: | 萨尔顿 , Sarton 著 ;陈恒六 译 | |
| 分册: | ||
| 出版信息: | 北京 华夏出版社 1989.3 |
|
| 页数: | 147页 | |
| 开本: | 20cm | |
| 丛书名: | 二十世纪文库 | |
| 单 册: | ||
| 中图分类: | N09 , G321.9 | |
| 科图分类: | ||
| 主题词: | 科学哲学 , 自然科学史--关系-新人文主义 , 新人文主义--关系-自然科学史 , 科学研究事业--世界 | |
| 电子资源: | ||
| ISBN: | 7-80053-176-7 | |
| 000 | 01171nam2 2200361 45 | |
| 001 | 0189011646 | |
| 005 | 20040430141557.2 | |
| 010 | @a7-80053-176-7@dCNY3.05 | |
| 020 | @aCN@b89011646 | |
| 100 | @a19910105d1989 m y0chiy0120 ea | |
| 101 | 1 | @achi@ceng |
| 102 | @aCN@b110000 | |
| 105 | @ay z 000zy | |
| 106 | @ar | |
| 200 | 10 | @a科学史和新人文主义@Ake xue shi he xin ren wen zhu yi@f(美)萨尔顿(Sarton,G.)著@F( mei ) sa er dun (Sarton,G.) zhu@g陈恒六等译 |
| 210 | @a北京@c华夏出版社@d1989.3 | |
| 215 | @a147页@d20cm | |
| 225 | 2 | @a二十世纪文库@f邓朴方主编 |
| 300 | @a书名原文:The history of science and the new humanism | |
| 410 | 0 | @120010@a二十世纪文库 |
| 510 | 1 | @aThe history of science and the new humanism@zeng |
| 540 | 1 | @a科学史 新人文主义@Ake xue shi xin ren wen zhu yi |
| 606 | @a科学哲学 | |
| 606 | @a自然科学史@x关系-新人文主义 | |
| 606 | @a新人文主义@x关系-自然科学史 | |
| 606 | 0 | @a科学研究事业@x世界 |
| 690 | @aN09@v1980 | |
| 690 | @aG321.9 | |
| 701 | 1 | @a萨尔顿@Asa er dun@bG.@4著 |
| 701 | A1 | @aSarton@bG.@4著 |
| 702 | 0 | @a陈恒六@Achen heng liu@4译 |
| 801 | 0 | @aCN@bNLC@c19910105 |
| 905 | @f1@b258051@dG321.9@e13 | |
| 科学史和新人文主义/(美)萨尔顿(Sarton,G.)著/陈恒六等译.-北京:华夏出版社,1989.3 |
| 147页;20cm.-(二十世纪文库/邓朴方主编) |
| 书名原文:The history of science and the new humanism |
| ISBN 7-80053-176-7:CNY3.05 |
| ● |
| 相关链接 |
|
|
|
|
正题名:科学史和新人文主义
索取号:G321.9/13
 
预约/预借
| 序号 | 登录号 | 条形码 | 馆藏地/架位号 | 状态 | 备注 |
| 1 | 0258050 | 000985508 | 第一样本阅览室/ [索取号:G321.9/13] | 在馆 | |
| 2 | 0258051 | 000985517 | 密集书库/ [索取号:G321.9/13] | 在馆 |